10 Genshin Impact Characters with the Highest Base DEF (V4.5) - Statistics

General Stats
  • This quiz has been taken 27 times
  • The average score is 7 of 13
Answer Stats
Rank Base DEF Character % Correct
1 959 Arataki Itto
92%
4 876 Albedo
84%
10 799 Noelle
80%
2 953 Chiori
72%
3 922 Qiqi
56%
10 799 Xiao
52%
6 859 Cyno
48%
9 807 Kaedehara Kazuha
48%
4 876 Hu Tao
44%
10 799 Keqing
44%
7 830 Shenhe
44%
10 799 Xinyan
44%
8 815 Tartaglia
36%
No matching quizzes found
Score Distribution
Percent of People with Each Score
Percentile by Number Answered
Your Score History
You have not taken this quiz